Ιστορία της ρωσικής λογοτεχνίας
Αποθηκεύτηκε σε:
| Μορφή: | Βιβλίο |
|---|---|
| Γλώσσα: | Greek |
| Δημοσίευση: |
Αθήνα :
Εκδόσεις Ελ. Καζαντζάκη,
1965.
|
| Έκδοση: | 2η έκδοση. |
| Θέματα: | |
| Ετικέτες: |
Προσθήκη ετικέτας
Δεν υπάρχουν, Καταχωρήστε ετικέτα πρώτοι!
|
MARC
| LEADER | 00000cam a2200000 a 4500 | ||
|---|---|---|---|
| 001 | 1/123848 | ||
| 008 | 211102s1965####gr | ||| |||| ||gre|| | ||
| 040 | |a GR-MyUa |b gre |c GR-MyUa |e AACR2 | ||
| 041 | 0 | |a gre | |
| 082 | 7 | |a 891.709 |2 (23) | |
| 245 | 1 | 0 | |a Ιστορία της ρωσικής λογοτεχνίας / |c Νίκου Καζαντζάκη. |
| 250 | |a 2η έκδοση. | ||
| 260 | |a Αθήνα : |b Εκδόσεις Ελ. Καζαντζάκη, |c 1965. | ||
| 300 | |a 320 σ. ; |c 21 ελ. | ||
| 650 | 0 | |a Russian literature |x History and criticism. | |
| 970 | |a Κοντού |b Παρασκευή |z 02/11/2021 | ||